LEADER 01985nam 2200649Ia 450 001 9910455684503321 005 20200520144314.0 010 $a1-281-32552-X 010 $a9786611325527 010 $a1-84642-313-9 010 $a1-4175-0287-8 035 $a(CKB)111087028274280 035 $a(SSID)ssj0000099517 035 $a(PQKBManifestationID)11113916 035 $a(PQKBTitleCode)TC0000099517 035 $a(PQKBWorkID)10009948 035 $a(PQKB)10459760 035 $a(MiAaPQ)EBC3015891 035 $a(Au-PeEL)EBL3015891 035 $a(CaPaEBR)ebr10064393 035 $a(CaONFJC)MIL132552 035 $a(OCoLC)923646496 035 $a(EXLCZ)99111087028274280 100 $a20011119d2002 uy 0 101 0 $aeng 135 $aurcn||||||||| 181 $ctxt 182 $cc 183 $acr 200 00$aAdvocacy and learning disability$b[electronic resource] /$fedited by Barry Gray and Robin Jackson 210 $aLondon $cJessica Kingsley$dc2002 215 $a255 p. $cill 300 $aBibliographic Level Mode of Issuance: Monograph 311 $a1-84985-399-1 311 $a1-85302-942-4 320 $aIncludes bibliographic references and index. 606 $aLearning disabled$vCase studies 606 $aLearning disabled$xServices for 606 $aLearning disabled$xSocial conditions$y20th century 606 $aSocial advocacy$vCase studies 606 $aSocial advocacy 608 $aElectronic books. 615 0$aLearning disabled 615 0$aLearning disabled$xServices for. 615 0$aLearning disabled$xSocial conditions 615 0$aSocial advocacy 615 0$aSocial advocacy. 676 $a371.92 701 $aGray$b Barry$f1944-$01057401 701 $aJackson$b Robin$f1936-$01057402 801 0$bMiAaPQ 801 1$bMiAaPQ 801 2$bMiAaPQ 906 $aBOOK 912 $a9910455684503321 996 $aAdvocacy and learning disability$92492653 997 $aUNINA LEADER 00980nam a2200253 i 4500 001 991001907219707536 005 20020503154821.0 008 000704s1925 it ||| | ita 035 $ab10289549-39ule_inst 035 $aEXGIL93478$9ExL 040 $aBiblioteca Interfacoltà$bita 082 0 $a973.3092 100 1 $aFranklin, Benjamin$056881 245 10$aAutobiografia /$cB. Franklin ; traduzione, prefazione e note a cura di Guido Fornelli 260 $aFirenze :$bSansoni,$c1925 300 $aXXIX, 234 p. ;$c17 cm. 490 0 $aBiblioteca sansoniana straniera ;$v46 700 1 $aFornelli, Guido 907 $a.b10289549$b17-02-17$c27-06-02 912 $a991001907219707536 945 $aLE002 It. XII N 14$g1$i2002000658609$lle002$o-$pE0.00$q-$rn$so $t0$u0$v0$w0$x0$y.i10342436$z27-06-02 996 $aTit.orig.:The autobiography of Beniamin Franklin - traduzione di Patrizia Paggio$922239 997 $aUNISALENTO 998 $ale002$b01-01-00$cm$da $e-$fita$git $h0$i1 LEADER 00915nam a22002531i 4500 001 991003139939707536 005 20040610131748.0 008 040624s1967 it a||||||||||||||||ita 035 $ab1303005x-39ule_inst 035 $aARCHE-098773$9ExL 040 $aDip.to Beni Culturali$bita$cA.t.i. Arché s.c.r.l. Pandora Sicilia s.r.l. 082 04$a752 100 1 $aAugusti, Selim$035818 245 12$aI colori pompeiani /$cSelim Augusti 260 $aRoma :$bDe Luca,$c1967 300 $a163 p., [8] c. di tav. :$bill. ;$c24 cm 440 0$aStudi e documentazioni ;$v1 650 4$aPittura pompeiana 907 $a.b1303005x$b02-04-14$c12-07-04 912 $a991003139939707536 945 $aLE001 AR III 29 8$g1$i2001000106127$lle001$nC. 1$o-$pE0.00$q-$rl$s- $t0$u1$v0$w1$x0$y.i13645304$z12-07-04 996 $aColori pompeiani$9287772 997 $aUNISALENTO 998 $ale001$b12-07-04$cm$da $e-$fita$git $h2$i1